| 000 | 00891cam a22002533a 4500 | ||
|---|---|---|---|
| 001 | 16809 | ||
| 003 | PGUSA | ||
| 005 | 20140828083346.0 | ||
| 008 | 051007s2005||||xxu|||||s|||||000 | eng d | ||
| 040 |
_aPGUSA _beng |
||
| 042 | _adc | ||
| 050 | 4 | _aF1001 | |
| 100 | 1 |
_aWallace, Dillon, _d1863-1939 |
|
| 245 | 1 | 4 |
_aThe Story of Grenfell of the Labrador : _bA Boy's Life of Wilfred T. Grenfell _h[electronic resource] / _cDillon Wallace |
| 260 |
_bProject Gutenberg, _c2005 |
||
| 506 | _aPublic domain in the USA. | ||
| 516 | _aElectronic text | ||
| 653 | _aGrenfell, Wilfred Thomason, Sir, 1865-1940 -- Juvenile literature | ||
| 653 | _aPhysicians -- Newfoundland and Labrador -- Labrador -- Biography -- Juvenile literature | ||
| 653 | _aLabrador (N.L.) -- Juvenile literature | ||
| 830 | 0 |
_aProject Gutenberg _v16809 |
|
| 856 | 4 | 0 | _uhttp://www.gutenberg.org/ebooks/16809 |
| 942 | _cEB | ||
| 999 |
_c246064 _d246064 |
||